| 000 | 00541nam a2200169 4500 | ||
|---|---|---|---|
| 001 | 127579 | ||
| 003 | ES-MaACL | ||
| 005 | 20230906193035.0 | ||
| 007 | t| | ||
| 008 | 070214s1960 xxu r ||||1| eng d | ||
| 100 | 1 |
_aRiger, Robert. _997203 |
|
| 245 | 1 | 4 |
_aThe pros _b: a documentary of professional football in America / _cRobert Riger ; comentary by Tex Maule. |
| 260 |
_aNew York : _bSimon and Schuster, _c1960. |
||
| 300 |
_a191 p., 36 lám. : _bil. ; _c31 cm. |
||
| 700 | 1 |
_aMaule, Tex. _979199 |
|
| 852 |
_aES-MaACL _jC-24264 _bR.52918 |
||
| 999 |
_c127579 _d127579 |
||